Southville International School and Colleges

Raison et Sensibilité (tome quatrième) : (Record no. 266888)

000 -LEADER
fixed length control field 00671cam a22002173a 4500
001 - CONTROL NUMBER
control field 37634
003 - CONTROL NUMBER IDENTIFIER
control field PGUSA
005 - DATE AND TIME OF LATEST TRANSACTION
control field 20140828083827.0
008 - FIXED-LENGTH DATA ELEMENTS--GENERAL INFORMATION
fixed length control field 111005s2011||||xxu|||||s|||||000 | eng d
040 ## - CATALOGING SOURCE
Original cataloging agency PGUSA
Language of cataloging eng
042 ## - AUTHENTICATION CODE
Authentication code dc
100 1# - MAIN ENTRY--PERSONAL NAME
Personal name Austen, Jane,
Dates associated with a name 1775-1817
245 10 - TITLE STATEMENT
Title Raison et Sensibilité (tome quatrième) :
Remainder of title ou les deux manièress d'aimer
Medium [electronic resource] /
Statement of responsibility, etc Jane Austen
260 ## - PUBLICATION, DISTRIBUTION, ETC. (IMPRINT)
Name of publisher, distributor, etc Project Gutenberg,
Date of publication, distribution, etc 2011
506 ## - RESTRICTIONS ON ACCESS NOTE
Terms governing access Public domain in the USA.
516 ## - TYPE OF COMPUTER FILE OR DATA NOTE
Type of computer file or data note Electronic text
700 1# - ADDED ENTRY--PERSONAL NAME
Personal name Montolieu, Isabelle de,
Dates associated with a name 1751-1832
830 #0 - SERIES ADDED ENTRY--UNIFORM TITLE
Uniform title Project Gutenberg
Volume number/sequential designation 37634
856 40 - ELECTRONIC LOCATION AND ACCESS
Uniform Resource Identifier http://www.gutenberg.org/ebooks/37634
942 ## - ADDED ENTRY ELEMENTS (KOHA)
Koha item type eBooks
Holdings
Lost status Date last seen Date acquired Price effective from Current Location Damaged status Permanent Location Withdrawn status Koha item type
 2014-08-282014-08-282014-08-28Project Gutenberg Project Gutenberg eBooks
Powered by Koha